| 000 | 00000nam##2200000za#4500 |
| 001 | 9.590276 |
| 003 | CaOODSP |
| 005 | 20210624200040 |
| 007 | cr ||||||||||| |
| 008 | 150406|2009||||xxc|||||o f|0| 0 fre|d |
| 022 | |a1701-1280 |
| 040 | |aCaOODSP|bfre |
| 041 | |aeng |
| 041 | |afre |
| 043 | |an-cn--- |
| 086 | 1 |aFs70-4/2009-006-PDF |
| 110 | 1 |aCanada. |bMinistère des pêches et des océans. |
| 245 | 10|aCompte rendu de l'atelier visant à finaliser les lignes directrices nationales pour l'évaluation du risque biologique posé par les espèces aquatiques envahissantes (EAE) au Canada : |h[ressource électronique]|bDu 3 au 5 juin 2008, Parksville (Colombie-Britannique) / |cRéunion des présidents : N. E. Mandrak et B. Cudmore; Rédacteurs : P. M. Chapman et B. Cudmore. |
| 260 | |aBurlington - Ontario : |bPêches et Océans Canada |cJuin 2009. |
| 300 | |a59p.|bfigures, glossaire, références, tableaux, photographies |
| 490 | 1 |aSecrétariat canadien de consultation scientifique, série des comptes rendus|x1701-1280|v2009/006 |
| 590 | |a14-19-Supp|b2014-11-03 |
| 791 | |tProceedings of the workshop to finalize national guidelines for assessing the biological risk of aquatic invasive species (AIS) to Canada : |eeng|w(CaOODSP)9.590275 |
| 830 | #0|aCompte rendu (Secrétariat canadien de consultation scientifique)|x1701-1280|v2009/006|w(CaOODSP)9.500508 |
| 856 | 40|ahttp://publications.gc.ca|qPDF|s339 Ko|uhttps://publications.gc.ca/collections/collection_2014/mpo-dfo/Fs70-4-2009-006.pdf|y2009/006 |